Statystyki dla Loga filmów

Kliknij tutaj aby rozwiązać quiz!

Ogólne statystyki

  • Ten quiz został rozwiązany 11 583 razy
  • Średni wynik to 10 z 16

Statystyki odpowiedzi

Odpowiedź% Poprawnych
Harry Potter
92%
Jurassic Park
91%
Auta
89%
Toy Story
87%
Avengers
86%
Iniemamocni
84%
Gdzie jest Nemo?
81%
Pogromcy duchów
78%
Potwory i spółka
65%
Kevin sam w domu
59%
Igrzyska śmierci
53%
Vaiana: Skarb oceanu
43%
Ojciec chrzestny
38%
Top Gun
27%
V jak Vendetta
14%
Mechaniczna pomarańcza
9%

Rozkład punktacji

Percentyl według liczby udzielonych odpowiedzi

Procent ludzi z każdym wynikiem

Twoja historia wyników

Nie rozwiązałeś tego quizu